000 00702nam a2200289Ia 4500
005 20260324144159.0
008 008 260324s9999 xx 000 0 eng d
020 _a9780429305863
037 _aEBOOK
040 _aCRL
040 _beng
040 _cCRL
041 _2eng
041 _aeng
084 _qCRL
100 _aJulius W Friend
_91205944
245 0 _aSeven Years In France
245 0 _bFrancois Mitterrand And The Unintended Revolution, 1981-1988
260 _bTaylor and Francis
260 _c1989
365 _a
365 _b230
856 _uhttp://www.taylorfrancis.com/books/9780429305863
942 _cEBOOK
999 _c1824662
_d1824662